[Event "CCT Play-in Chessable Masters 2024"]
[Site "Online"]
[Date "2024.01.31"]
[Round "2"]
[White "Sadhwani, Raunak"]
[Black "JSPrepz"]
[Result "1-0"]
[WhiteElo "2654"]
[BlackElo "2541"]
[Annotator "TA"]
[PlyCount "113"]
[EventDate "2024.01.26"]
[EventType "swiss"]
[EventCountry "NET"]
[SourceTitle "playchess.com"]
[Source "ChessBase"]
[SourceQuality "1"]

1. e4 e5 2. Nf3 Nc6 3. Bc4 Nf6 4. d3 h6 5. O-O d6 6. a4 g6 7. a5 Bg7 8. Nc3 O-O 9. h3 Kh7 10. Be3 Be6 11. a6 b6 12. Bxe6 fxe6 13. d4 exd4 14. Nxd4 Nxd4 15. Bxd4 Nh5 16. Bxg7 Kxg7 17. g3 Qg5 18. h4 Qe5 19. Kg2 Rf7 20. f4 Qc5 21. Qg4 Nf6 22. Qe2 Raf8 23. Rae1 Nh5 24. Qg4 Qc4 25. Qe2 Qc6 26. Qb5 Qa8 27. Qc4 Re7 28. Kh3 Qc8 29. e5 d5 30. Qc6 Ref7 31. Nb5 Kh7 32. Ra1 g5 33. Nxa7 Qd8 34. Qxe6 Ng7 35. Qg4 gxf4 36. Nc6 Qe8 37. Nd4 Qxe5 38. a7 h5 39. Qd1 Ra8 40. Qd3+ Kg8 41. gxf4 Qf6 42. Rg1 c5 43. Nb5 Qe6+ 44. Kh2 Rxf4 45. Rg3 Rxh4+ 46. Kg1 c4 47. Nc7 Qe5 48. Qxd5+ Qxd5 49. Nxd5 c3 50. b3 Kh7 51. Nxb6 Nf5 52. Nxa8 Nxg3 53. Kg2 Nf5 54. Nb6 Rg4+ 55. Kf2 Rf4+ 56. Ke2 Nd4+ 57. Kd3 1-0

[Event "CCT Play-in Chessable Masters 2024"]
[Site "Online"]
[Date "2024.01.31"]
[Round "2"]
[White "Shevchenko, Kirill"]
[Black "Gavrilescu, David"]
[Result "1/2-1/2"]
[WhiteElo "2651"]
[BlackElo "2523"]
[Annotator "TA"]
[PlyCount "95"]
[EventDate "2024.01.26"]
[EventType "swiss"]
[EventCountry "NET"]
[SourceTitle "playchess.com"]
[Source "ChessBase"]
[SourceQuality "1"]

1. c4 e6 2. g3 d5 3. Bg2 Nf6 4. Nf3 Be7 5. O-O O-O 6. b3 b6 7. Bb2 Bb7 8. e3 c5 9. Nc3 Qc8 10. Rc1 Rd8 11. cxd5 Nxd5 12. d4 Nxc3 13. Bxc3 Nc6 14. Qc2 cxd4 15. Nxd4 Nxd4 16. Bxd4 Bxg2 17. Kxg2 Qb7+ 18. Qc6 Qa6 19. Qe4 Rac8 20. a4 h6 21. h4 Bf8 22. g4 Qa5 23. Rh1 Qd2 24. Rxc8 Rxc8 25. g5 Qc2 26. Kf3 h5 27. Rb1 Be7 28. Qxc2 Rxc2 29. b4 Rc4 30. b5 Rxa4 31. Rc1 Bc5 32. Bxc5 bxc5 33. Rxc5 Rxh4 34. Rc7 Rb4 35. Rb7 h4 36. Rxa7 Rxb5 37. Kg4 Rb4+ 38. Kh3 e5 39. Re7 Re4 40. Rb7 g6 41. Rc7 Kg7 42. Rb7 Rc4 43. Re7 Rc2 44. Rxe5 Rxf2 45. Kxh4 Rg2 46. Kh3 Rg1 47. Kh2 Ra1 48. Kg3 1/2-1/2

[Event "CCT Play-in Chessable Masters 2024"]
[Site "Online"]
[Date "2024.01.31"]
[Round "2"]
[White "Malakhov, Vladimir"]
[Black "Caruana, Fabiano"]
[Result "1/2-1/2"]
[WhiteElo "2648"]
[BlackElo "2804"]
[Annotator "TA"]
[PlyCount "143"]
[EventDate "2024.01.26"]
[EventType "swiss"]
[EventCountry "NET"]
[SourceTitle "playchess.com"]
[Source "ChessBase"]
[SourceQuality "1"]

1. Nf3 d5 2. g3 Nf6 3. Bg2 g6 4. c4 c6 5. b3 Bg7 6. Bb2 O-O 7. O-O a5 8. d4 a4 9. cxd5 Nxd5 10. bxa4 Qa5 11. Nbd2 Qxa4 12. Qxa4 Rxa4 13. Nb3 Na6 14. Rfc1 Nb6 15. Ne1 Be6 16. Nd3 Ra8 17. e3 Nb4 18. Nxb4 Rxb4 19. Bc3 Rc4 20. Bf1 Rca4 21. Nc5 Rxa2 22. Rab1 Nd5 23. Nxe6 fxe6 24. Rxb7 Rf8 25. Be1 Bh6 26. Bc4 Ra3 27. Bxd5 cxd5 28. Rxe7 Ra6 29. Rcc7 Ra1 30. Kf1 Rb8 31. Rxh7 Bf8 32. Rb7 Rc8 33. Rhd7 Rcc1 34. Rd8 Rxe1+ 35. Kg2 Reb1 36. Re7 Rg1+ 37. Kf3 Rh1 38. h4 g5 39. Ree8 gxh4 40. Rxf8+ Kg7 41. Rg8+ Kf7 42. Rdf8+ Ke7 43. Rf4 hxg3 44. Rxg3 Rh7 45. Kg2 Ra8 46. Rfg4 Kf7 47. Rf3+ Ke7 48. Rg6 Kd7 49. Rff6 Re8 50. Kg3 Ree7 51. f3 Rh5 52. Kg4 Rhh7 53. Kg3 Rh5 54. Kg4 Rhh7 55. Rh6 Rhg7+ 56. Rfg6 Rgf7 57. f4 Rf8 58. Kf3 Rff7 59. e4 dxe4+ 60. Kxe4 Rf5 61. Rg5 Rf8 62. Re5 Ra8 63. Rb5 Ra7 64. Rb6 Re8 65. Rh7+ Re7 66. Rh6 Re8 67. Rh7+ Re7 68. Rxe7+ Kxe7 69. d5 exd5+ 70. Kxd5 Kf7 71. Ke5 Re7+ 72. Kf5 1/2-1/2

[Event "CCT Play-in Chessable Masters 2024"]
[Site "Online"]
[Date "2024.01.31"]
[Round "2"]
[White "Pichot, Alan"]
[Black "Mileo, Miguelito"]
[Result "1/2-1/2"]
[WhiteElo "2644"]
[BlackElo "1721"]
[Annotator "RC"]
[PlyCount "68"]
[EventDate "2024.01.26"]
[EventType "swiss"]
[EventCountry "NET"]
[SourceTitle "playchess.com"]
[Source "ChessBase"]
[SourceQuality "1"]

1. e4 e5 2. Nf3 Nc6 3. Bc4 Nf6 4. d3 Bc5 5. a4 a5 6. O-O O-O 7. h3 h6 8. Be3 Bxe3 9. fxe3 d6 10. Nbd2 Be6 11. Bxe6 fxe6 12. c3 d5 13. Qb3 Qd6 14. Rf2 Kh8 15. Raf1 Nd7 16. d4 b6 17. Qb5 Nf6 18. Nc4 dxc4 19. dxe5 Qc5 20. exf6 Rxf6 21. Nd4 Rxf2 22. Rxf2 Nxd4 23. cxd4 Qxb5 24. axb5 a4 25. Rc2 Ra5 26. Rxc4 Rxb5 27. Rxa4 Rxb2 28. Kf1 Rc2 29. Ra8+ Kh7 30. Re8 b5 31. Rb8 c6 32. d5 cxd5 33. exd5 exd5 34. Rxb5 Rd2 1/2-1/2

[Event "CCT Play-in Chessable Masters 2024"]
[Site "Online"]
[Date "2024.01.31"]
[Round "2"]
[White "Donchenko, Alexander"]
[Black "Olafsson, Helgi"]
[Result "1-0"]
[WhiteElo "2643"]
[BlackElo "2471"]
[Annotator "RC"]
[PlyCount "83"]
[EventDate "2024.01.26"]
[EventType "swiss"]
[EventCountry "NET"]
[SourceTitle "playchess.com"]
[Source "ChessBase"]
[SourceQuality "1"]

1. c4 Nf6 2. g3 e6 3. Bg2 d5 4. d4 dxc4 5. Qa4+ Nbd7 6. Qxc4 c5 7. Nf3 a6 8. Qb3 Be7 9. O-O O-O 10. Rd1 Qc7 11. Bf4 Bd6 12. Bxd6 Qxd6 13. Nc3 Qc7 14. Rac1 c4 15. Qb4 b5 16. a4 Rb8 17. axb5 Nd5 18. Qa4 Nxc3 19. bxc3 axb5 20. Qc2 Bb7 21. e4 e5 22. Rb1 Ba8 23. Bh3 Nf6 24. d5 Ne8 25. Rb4 f6 26. Nh4 g6 27. Be6+ Kg7 28. Qe2 Nd6 29. f4 Rbe8 30. fxe5 Qa7+ 31. Kg2 fxe5 32. Nf3 Qc5 33. Rb2 Rxe6 34. dxe6 Nxe4 35. Rd7+ Kh8 36. Ra2 Nxc3 37. Rxa8 Rxa8 38. Qd2 Ne4 39. Qh6 Qf2+ 40. Kh3 Qf1+ 41. Kh4 g5+ 42. Nxg5 1-0

[Event "CCT Play-in Chessable Masters 2024"]
[Site "Online"]
[Date "2024.01.31"]
[Round "2"]
[White "Lagarde, Maxime"]
[Black "adotand"]
[Result "1/2-1/2"]
[WhiteElo "2642"]
[BlackElo "2457"]
[Annotator "RC"]
[PlyCount "152"]
[EventDate "2024.01.26"]
[EventType "swiss"]
[EventCountry "NET"]
[SourceTitle "playchess.com"]
[Source "ChessBase"]
[SourceQuality "1"]

1. c4 e6 2. Nc3 d5 3. d4 Nf6 4. Bg5 Nbd7 5. e3 Be7 6. Nf3 O-O 7. cxd5 Nxd5 8. Bxe7 Qxe7 9. Be2 Nxc3 10. bxc3 c5 11. O-O Rd8 12. a4 e5 13. a5 exd4 14. cxd4 Nf6 15. Qc2 cxd4 16. Nxd4 Bg4 17. Bc4 Rac8 18. Qb3 Ne4 19. Ra2 Nc5 20. Qb4 Qg5 21. Kh1 Qh4 22. f3 Bd7 23. Nc6 Be6 24. Bxe6 Qxb4 25. Bxf7+ Kxf7 26. Nxb4 Nb3 27. e4 Rc1 28. Kg1 Rc5 29. a6 b5 30. Nd5 Rd6 31. Rb1 Nd4 32. Kf2 g5 33. Ke3 Ne6 34. Rab2 Rxa6 35. Rxb5 Rxb5 36. Rxb5 Ra2 37. g3 Rxh2 38. f4 gxf4+ 39. gxf4 Rh3+ 40. Kf2 Nd8 41. f5 Rh5 42. Rc5 Rg5 43. Rc7+ Kf8 44. Rxa7 Nf7 45. Kf3 h5 46. Nf6 Kg7 47. Kf4 Rg1 48. Nxh5+ Kf8 49. Ng3 Rg2 50. Ra1 Rf2+ 51. Ke3 Rb2 52. Ra5 Nd6 53. Ra6 Nf7 54. Nh5 Rh2 55. Nf4 Kg7 56. Ne6+ Kh8 57. Ra8+ Kh7 58. Ra7 Kg8 59. Nf4 Ne5 60. Re7 Nf7 61. Ng6 Nd6 62. Re6 Nf7 63. Ne5 Nh6 64. Rg6+ Kf8 65. Ng4 Rh3+ 66. Kf4 Nf7 67. e5 Rb3 68. e6 Rb4+ 69. Kg3 Nd6 70. f6 Nf5+ 71. Kf2 Rf4+ 72. Kg1 Re4 73. f7 Ng7 74. Nf2 Rxe6 75. Rxe6 Nxe6 76. Kf1 Kxf7 1/2-1/2

[Event "CCT Play-in Chessable Masters 2024"]
[Site "Online"]
[Date "2024.01.31"]
[Round "2"]
[White "Sargsyan_Shant"]
[Black "Nasuta, Grzegorz"]
[Result "1/2-1/2"]
[WhiteElo "2640"]
[BlackElo "2563"]
[Annotator "RC"]
[PlyCount "87"]
[EventDate "2024.01.26"]
[EventType "swiss"]
[EventCountry "NET"]
[SourceTitle "playchess.com"]
[Source "ChessBase"]
[SourceQuality "1"]

1. d4 d5 2. Nf3 Nf6 3. Bf4 c5 4. e3 Nc6 5. Nbd2 Nh5 6. Be5 e6 7. c3 Be7 8. h3 O-O 9. Bh2 Qb6 10. Qb3 c4 11. Qc2 f5 12. Be2 Nf6 13. b3 cxb3 14. axb3 Bd7 15. O-O Rfc8 16. Rfc1 Be8 17. Qb2 Bh5 18. c4 Qd8 19. cxd5 exd5 20. Bb5 Nb4 21. Ne5 a6 22. Bf1 Ne4 23. g4 Bg6 24. f4 Bh4 25. Kg2 Bf6 26. Nxe4 fxe4 27. Bg3 Be8 28. Be1 Qb6 29. Rxc8 Rxc8 30. Rc1 Rxc1 31. Qxc1 Nc6 32. b4 Be7 33. Qb2 Nxe5 34. fxe5 Bb5 35. Qf2 Bxf1+ 36. Qxf1 g6 37. Qf2 Qc6 38. h4 Qe6 39. Qe2 Qd7 40. Kg3 Qd8 41. Kh3 Qd7 42. Kg3 Qd8 43. Kh3 Qd7 44. Kg3 1/2-1/2

[Event "CCT Play-in Chessable Masters 2024"]
[Site "Online"]
[Date "2024.01.31"]
[Round "2"]
[White "Guseinov, Gadir"]
[Black "Ohanyan, Emin"]
[Result "0-1"]
[WhiteElo "2636"]
[BlackElo "2456"]
[Annotator "RC"]
[PlyCount "70"]
[EventDate "2024.01.26"]
[EventType "swiss"]
[EventCountry "NET"]
[SourceTitle "playchess.com"]
[Source "ChessBase"]
[SourceQuality "1"]

1. e4 c5 2. Nc3 Nc6 3. Bb5 Nd4 4. Nf3 a6 5. Bd3 e6 6. O-O Nc6 7. a3 g6 8. b4 d6 9. bxc5 dxc5 10. e5 Bg7 11. Re1 Qc7 12. Bb2 Nge7 13. Ne4 O-O 14. Nf6+ Kh8 15. Ng5 h6 16. Qg4 Nf5 17. Qh3 Bxf6 18. exf6 Qf4 19. Ne4 b6 20. g3 Qf3 21. Nxc5 Qh5 22. Qxh5 gxh5 23. Be4 bxc5 24. Bxc6 Rb8 25. Be5 Rb6 26. Bf3 Bb7 27. Bxh5 Kg8 28. Rab1 Rxb1 29. Rxb1 Bd5 30. Rb6 Nd4 31. c3 Nf3+ 32. Bxf3 Bxf3 33. Rxa6 Rd8 34. Bf4 e5 35. Be3 Rb8 0-1

[Event "CCT Play-in Chessable Masters 2024"]
[Site "Online"]
[Date "2024.01.31"]
[Round "2"]
[White "Gledura, Benjamin"]
[Black "Gadimbayli, Abdulla"]
[Result "1-0"]
[WhiteElo "2633"]
[BlackElo "2489"]
[Annotator "RC"]
[PlyCount "59"]
[EventDate "2024.01.26"]
[EventType "swiss"]
[EventCountry "NET"]
[SourceTitle "playchess.com"]
[Source "ChessBase"]
[SourceQuality "1"]

1. e4 e5 2. Nf3 d5 3. Nxe5 Bd6 4. d4 dxe4 5. Nc4 Nf6 6. Be2 O-O 7. O-O Nc6 8. c3 Nd5 9. Nxd6 Qxd6 10. Nd2 Bf5 11. Nc4 Qd7 12. Ne3 Nf4 13. Nxf5 Nxe2+ 14. Qxe2 Qxf5 15. Re1 Rfe8 16. f3 e3 17. Bxe3 Re6 18. Qd2 Rd8 19. Bf2 Rg6 20. Bg3 h5 21. Bxc7 Rd7 22. Bg3 Rg5 23. Re8+ Kh7 24. Rae1 f6 25. Qe2 Qg6 26. Qe6 Rf7 27. Qc8 Qc2 28. Qe6 Qg6 29. Qe4 Rf5 30. d5 1-0

[Event "CCT Play-in Chessable Masters 2024"]
[Site "Online"]
[Date "2024.01.31"]
[Round "2"]
[White "Bortnyk, Oleksandr"]
[Black "Hovhannisyan, Robert"]
[Result "1-0"]
[WhiteElo "2627"]
[BlackElo "2611"]
[Annotator "RC"]
[PlyCount "91"]
[EventDate "2024.01.26"]
[EventType "swiss"]
[EventCountry "NET"]
[SourceTitle "playchess.com"]
[Source "ChessBase"]
[SourceQuality "1"]

1. e4 e5 2. Bc4 Nf6 3. d3 Bc5 4. Nc3 c6 5. f4 exf4 6. d4 Bb4 7. e5 d5 8. Bd3 Ne4 9. Bxe4 Bxc3+ 10. bxc3 Qh4+ 11. g3 fxg3 12. Bg2 gxh2+ 13. Kf1 hxg1=Q+ 14. Kxg1 Qg4 15. Qe1 Bf5 16. Rh3 Bxc2 17. Rg3 Qd1 18. Qxd1 Bxd1 19. Rxg7 Bh5 20. Rb1 b6 21. Ba3 Nd7 22. c4 O-O-O 23. cxd5 Rdg8 24. Rxg8+ Rxg8 25. dxc6 Nxe5 26. dxe5 Bf3 27. Kf2 Bxg2 28. Rg1 Kc7 29. Rxg2 Rxg2+ 30. Kxg2 Kxc6 31. Kf3 Kd5 32. Kf4 b5 33. Bb2 b4 34. Kg5 Ke6 35. Kh6 a5 36. Kxh7 a4 37. Kg7 Ke7 38. Bd4 Ke6 39. Kf8 a3 40. Ba1 Kd5 41. Kxf7 Kc4 42. e6 Kd3 43. e7 Kc2 44. e8=Q Kb1 45. Qe1+ Kxa2 46. Qxb4 1-0

[Event "CCT Play-in Chessable Masters 2024"]
[Site "Online"]
[Date "2024.01.31"]
[Round "2"]
[White "Petrosyan, Manuel"]
[Black "Dubov, Daniil"]
[Result "0-1"]
[WhiteElo "2627"]
[BlackElo "2708"]
[Annotator "TA"]
[PlyCount "94"]
[EventDate "2024.01.26"]
[EventType "swiss"]
[EventCountry "NET"]
[SourceTitle "playchess.com"]
[Source "ChessBase"]
[SourceQuality "1"]

1. e4 e5 2. Nf3 Nc6 3. Bb5 a6 4. Ba4 Nf6 5. Nc3 Bc5 6. O-O b5 7. Bb3 O-O 8. d3 h6 9. a4 b4 10. Nd5 Rb8 11. Be3 d6 12. a5 Nxd5 13. Bxd5 Bxe3 14. fxe3 Nxa5 15. Rxa5 c6 16. Ra1 cxd5 17. exd5 Qc7 18. e4 f5 19. Nd2 Bd7 20. exf5 Bxf5 21. Rxa6 Qc5+ 22. Kh1 Qxd5 23. Ra1 Rf7 24. Nc4 Rbf8 25. Qd2 Qc5 26. Qe3 Qc6 27. Kg1 Rf6 28. b3 Kh7 29. Rae1 Bg6 30. Rxf6 gxf6 31. Qb6 Qxb6+ 32. Nxb6 Bf7 33. Ra1 Rb8 34. Ra6 Kg7 35. Kf2 Rb7 36. Ke3 Rc7 37. Kd2 Rc6 38. d4 d5 39. g4 Kg6 40. h4 Be6 41. Ke3 Bxg4 42. dxe5 fxe5 43. Kd2 Kh5 44. Ra5 Rxb6 45. Rxd5 Re6 46. Rb5 Kxh4 47. Rxb4 Kg3 0-1

[Event "CCT Play-in Chessable Masters 2024"]
[Site "Online"]
[Date "2024.01.31"]
[Round "2"]
[White "Theodorou, Nikolas"]
[Black "KantorGergely"]
[Result "0-1"]
[WhiteElo "2627"]
[BlackElo "2512"]
[Annotator "RC"]
[PlyCount "90"]
[EventDate "2024.01.26"]
[EventType "swiss"]
[EventCountry "NET"]
[SourceTitle "playchess.com"]
[Source "ChessBase"]
[SourceQuality "1"]

1. Nf3 d5 2. b3 c5 3. Bb2 f6 4. e4 d4 5. c3 Nc6 6. Bc4 e5 7. O-O Nh6 8. Na3 Be7 9. Bd5 Nf7 10. Nc4 O-O 11. Rc1 Kh8 12. Ba3 Bd7 13. b4 cxb4 14. cxb4 a6 15. Qb3 Nd6 16. Nxd6 Bxd6 17. Nh4 g6 18. Qg3 Qe7 19. Rc4 Be6 20. Qxg6 Bxd5 21. Qh6 Bxc4 22. Ng6+ Kg8 23. Nxe7+ Nxe7 24. Rc1 Bxa2 25. f4 exf4 26. Bb2 Be5 27. Rc5 Rac8 28. Rxe5 fxe5 29. Qg5+ Ng6 30. h4 f3 31. gxf3 Rxf3 32. h5 Rcf8 33. Qh6 Rh3 34. b5 Bc4 35. Qg5 Rhf3 36. Qh6 Rf1+ 37. Kh2 R8f2+ 38. Kg3 Rf3+ 39. Kh2 R1f2+ 40. Kg1 Rf1+ 41. Kh2 Ne7 42. Qg5+ Kf7 43. Qxe5 R1f2+ 44. Kg1 Rxd2 45. Bxd4 Rf1# 0-1

[Event "CCT Play-in Chessable Masters 2024"]
[Site "Online"]
[Date "2024.01.31"]
[Round "2"]
[White "Kamsky, Gata"]
[Black "Shyam, Sundar M."]
[Result "1-0"]
[WhiteElo "2623"]
[BlackElo "2497"]
[Annotator "RC"]
[PlyCount "107"]
[EventDate "2024.01.26"]
[EventType "swiss"]
[EventCountry "NET"]
[SourceTitle "playchess.com"]
[Source "ChessBase"]
[SourceQuality "1"]

1. d4 f5 2. Nf3 Nf6 3. Bg5 e6 4. Nbd2 d5 5. e3 Be7 6. c4 O-O 7. Bd3 c6 8. O-O Ne4 9. Bxe7 Qxe7 10. Ne5 Nd7 11. Nxd7 Bxd7 12. Nf3 Nd6 13. Qb3 Be8 14. c5 Nf7 15. Qc3 g5 16. Ne1 e5 17. Bxf5 e4 18. Bg4 Nh6 19. Be2 g4 20. g3 Bd7 21. Ng2 Nf7 22. Nf4 Ng5 23. b4 Qf6 24. Rfb1 Qh6 25. h4 Nf3+ 26. Bxf3 gxf3 27. Kf1 Rae8 28. Ke1 Kh8 29. Kd2 Rxf4 30. exf4 e3+ 31. fxe3 Qg6 32. Rg1 f2 33. Rg2 Bh3 34. Rxf2 Qxg3 35. Re2 Bg4 36. Qd3 Qxh4 37. Rg1 Bxe2 38. Qxe2 Rg8 39. Rxg8+ Kxg8 40. b5 Qe7 41. Qg4+ Kf7 42. a4 Qc7 43. Qf5+ Kg8 44. Qe6+ Kf8 45. Ke2 a6 46. bxc6 Qxc6 47. Qxc6 bxc6 48. Kf3 Ke7 49. e4 dxe4+ 50. Kxe4 h5 51. Kf5 h4 52. Kg4 Ke6 53. Kxh4 Kd5 54. f5 1-0

[Event "CCT Play-in Chessable Masters 2024"]
[Site "Online"]
[Date "2024.01.31"]
[Round "2"]
[White "Tari, Aryan"]
[Black "Martinez Alcantara, Jose Eduardo"]
[Result "0-1"]
[WhiteElo "2623"]
[BlackElo "2610"]
[Annotator "RC"]
[PlyCount "76"]
[EventDate "2024.01.26"]
[EventType "swiss"]
[EventCountry "NET"]
[SourceTitle "playchess.com"]
[Source "ChessBase"]
[SourceQuality "1"]

1. e4 c5 2. Nf3 a6 3. g3 d6 4. d4 cxd4 5. Nxd4 Nf6 6. Bg2 Qc7 7. O-O e6 8. Re1 Be7 9. b3 Nc6 10. Nxc6 bxc6 11. c4 O-O 12. Nc3 Bb7 13. Be3 c5 14. h3 Nd7 15. Qc2 Ne5 16. Rad1 Nc6 17. f4 Rad8 18. Qf2 Rfe8 19. g4 Bf6 20. e5 dxe5 21. Ne4 Be7 22. Nxc5 exf4 23. Bxf4 e5 24. Be3 Bc8 25. Bd5 Rf8 26. Ne4 Nd4 27. Rxd4 exd4 28. Bxd4 Rxd5 29. cxd5 Qd8 30. Qb2 f5 31. Bxg7 Rf7 32. Nf6+ Bxf6 33. Bxf6 Rxf6 34. Qe5 fxg4 35. Qg5+ Kf8 36. h4 Qd6 37. Rc1 Bb7 38. Rc4 Qg3+ 0-1

[Event "CCT Play-in Chessable Masters 2024"]
[Site "Online"]
[Date "2024.01.31"]
[Round "2"]
[White "Banusz, Tamas"]
[Black "Cardoso Cardoso, Jose Gabriel"]
[Result "0-1"]
[WhiteElo "2621"]
[BlackElo "2477"]
[Annotator "RC"]
[PlyCount "140"]
[EventDate "2024.01.26"]
[EventType "swiss"]
[EventCountry "NET"]
[SourceTitle "playchess.com"]
[Source "ChessBase"]
[SourceQuality "1"]

1. d4 Nf6 2. Nf3 e6 3. Bf4 b6 4. e3 Bb7 5. h3 c5 6. Nbd2 Be7 7. Bd3 O-O 8. O-O cxd4 9. exd4 d6 10. a4 a6 11. Bh2 Nbd7 12. Re1 Re8 13. c3 Nf8 14. Nc4 Ng6 15. a5 b5 16. Nb6 Ra7 17. c4 bxc4 18. Bxc4 d5 19. Bd3 Bb4 20. Re2 Bxa5 21. Rxa5 Qxb6 22. Rc5 Bc6 23. Bxg6 hxg6 24. Qc1 Ba4 25. Bc7 Qb3 26. Qf4 Ne4 27. Rc1 Rc8 28. Kh2 f6 29. h4 Qb7 30. Ba5 Rxc1 31. Qxc1 Qb5 32. Qe1 Bb3 33. Bc3 Bc4 34. Re3 Qb8+ 35. g3 Kf7 36. Nd2 Nxd2 37. Bxd2 Re7 38. Bb4 Re8 39. b3 Bb5 40. Bc5 Qc7 41. Qd2 e5 42. Kg1 e4 43. Rc3 Qd7 44. Qf4 Rc8 45. Rc1 Qf5 46. Qxf5 gxf5 47. Ba3 Rxc1+ 48. Bxc1 Be2 49. f4 exf3 50. Kf2 Bd1 51. b4 Kg6 52. Bf4 Kh5 53. Bd6 g5 54. hxg5 fxg5 55. Be7 Be2 56. Bd8 Kg4 57. Bc7 Bd3 58. Bd6 Kh3 59. Bc7 Be4 60. Bd6 f4 61. Bc7 fxg3+ 62. Bxg3 Kg4 63. Bd6 Kf5 64. Bg3 Ke6 65. Bc7 Kd7 66. Bb6 Kc6 67. Bc5 Kb5 68. Be7 g4 69. Bd6 Kc4 70. Bc5 Kd3 0-1

[Event "CCT Play-in Chessable Masters 2024"]
[Site "Online"]
[Date "2024.01.31"]
[Round "2"]
[White "Hakobyan, Aram"]
[Black "Fier, Alexandr"]
[Result "0-1"]
[WhiteElo "2616"]
[BlackElo "2549"]
[Annotator "RC"]
[PlyCount "82"]
[EventDate "2024.01.26"]
[EventType "swiss"]
[EventCountry "NET"]
[SourceTitle "playchess.com"]
[Source "ChessBase"]
[SourceQuality "1"]

1. d4 Nf6 2. Nf3 d5 3. c4 c6 4. Nc3 dxc4 5. e4 b5 6. Be2 e6 7. O-O Bb7 8. Qc2 Nbd7 9. Rb1 a5 10. b3 cxb3 11. Rxb3 b4 12. e5 Nd5 13. Nxd5 cxd5 14. Ng5 Rc8 15. Qb1 Be7 16. Nxe6 fxe6 17. Bh5+ Kf8 18. Rf3+ Nf6 19. Re1 Rc6 20. exf6 Bxf6 21. g4 Ke7 22. g5 Bxd4 23. Rf7+ Kd6 24. Rxb7 Rf8 25. Kh1 Rxf2 26. Qd3 Qf8 27. Bg4 Rxh2+ 28. Kxh2 Qf2+ 29. Kh3 Qxe1 30. Bf4+ Be5 31. Bxe5+ Qxe5 32. Qf1 Rc3+ 33. Bf3 Qxg5 34. Rb6+ Ke5 35. Ra6 Kf4 36. Kh2 Qg3+ 37. Kh1 Rxf3 38. Qc1+ Kg4 39. Rxe6 Qh3+ 40. Kg1 Rg3+ 41. Kf2 Qh2+ 0-1

[Event "CCT Play-in Chessable Masters 2024"]
[Site "Online"]
[Date "2024.01.31"]
[Round "2"]
[White "Ponkratov, Pavel"]
[Black "Dominguez Perez, Leinier"]
[Result "1-0"]
[WhiteElo "2614"]
[BlackElo "2752"]
[Annotator "TA"]
[PlyCount "105"]
[EventDate "2024.01.26"]
[EventType "swiss"]
[EventCountry "NET"]
[SourceTitle "playchess.com"]
[Source "ChessBase"]
[SourceQuality "1"]

1. e4 e5 2. Nf3 Nc6 3. Bb5 Nf6 4. O-O Nxe4 5. d4 Nd6 6. dxe5 Nxb5 7. a4 Nbd4 8. Nxd4 d5 9. c3 Be7 10. f4 O-O 11. Be3 f6 12. Nxc6 bxc6 13. Nd2 fxe5 14. fxe5 Qe8 15. a5 c5 16. Rxf8+ Bxf8 17. Nf3 Qc6 18. a6 Bg4 19. Qa4 Qe6 20. Qf4 Bxf3 21. gxf3 Be7 22. Qg3 Rb8 23. Bc1 Rb6 24. f4 Qf5 25. Qf3 c6 26. Kh1 g6 27. Qe2 Kf7 28. Qf3 Ke6 29. Qe2 Kf7 30. Qf3 Qc2 31. Qh3 h5 32. Qd7 Qd1+ 33. Kg2 Qe2+ 34. Kg1 h4 35. h3 d4 36. Qg4 Qe1+ 37. Kg2 Qe4+ 38. Qf3 Qc2+ 39. Kh1 dxc3 40. bxc3 Rb3 41. e6+ Kg7 42. f5 Rxc3 43. Be3 Qxf5 44. Qxf5 gxf5 45. Rg1+ Kh7 46. Bf4 Rc4 47. Bb8 Ra4 48. Rd1 Kg6 49. Be5 Rxa6 50. Rg1+ Kh5 51. Rg7 Bg5 52. Rxg5+ Kxg5 53. e7 1-0

[Event "CCT Play-in Chessable Masters 2024"]
[Site "Online"]
[Date "2024.01.31"]
[Round "2"]
[White "Paravyan, David"]
[Black "Samant Aditya S"]
[Result "1-0"]
[WhiteElo "2612"]
[BlackElo "2512"]
[Annotator "RC"]
[PlyCount "105"]
[EventDate "2024.01.26"]
[EventType "swiss"]
[EventCountry "NET"]
[SourceTitle "playchess.com"]
[Source "ChessBase"]
[SourceQuality "1"]

1. e4 c5 2. Nf3 d6 3. d4 cxd4 4. Nxd4 Nf6 5. Nc3 Nc6 6. Bg5 e6 7. Qd2 a6 8. Nxc6 bxc6 9. O-O-O h6 10. Bf4 d5 11. Be2 Bb4 12. Qe3 O-O 13. e5 Nh7 14. h4 Qa5 15. a3 Bc5 16. Qg3 Kh8 17. Be3 Bxe3+ 18. Qxe3 c5 19. Nxd5 exd5 20. Rxd5 Be6 21. Qxc5 Qa4 22. Rd4 Qe8 23. Bd3 Rc8 24. Qd6 Rc6 25. Qb4 Qc8 26. Rd6 Rc5 27. Qe4 g6 28. Qd4 Qc7 29. h5 Rc8 30. c3 g5 31. Bxa6 Rb8 32. Rd1 Kg7 33. Rd2 Qa5 34. Kd1 Nf8 35. Ke1 Rxe5+ 36. Kf1 f6 37. Qa7+ Bf7 38. Qxb8 Qa4 39. Qb4 Qe8 40. Re2 Rxe2 41. Bxe2 Qe5 42. g3 Ne6 43. Rxe6 Bxe6 44. Qe7+ Kg8 45. Qe8+ Kg7 46. Qg6+ Kf8 47. Qxh6+ Ke7 48. Qh7+ Kd6 49. Qd3+ Ke7 50. h6 Kf7 51. Ke1 Bf5 52. Qc4+ Kg6 53. Qd4 1-0

[Event "CCT Play-in Chessable Masters 2024"]
[Site "Online"]
[Date "2024.01.31"]
[Round "2"]
[White "Karthik Venkataraman"]
[Black "Jumabayev, Rinat"]
[Result "1/2-1/2"]
[WhiteElo "2609"]
[BlackElo "2598"]
[Annotator "RC"]
[PlyCount "80"]
[EventDate "2024.01.26"]
[EventType "swiss"]
[EventCountry "NET"]
[SourceTitle "playchess.com"]
[Source "ChessBase"]
[SourceQuality "1"]

1. e4 e5 2. Nf3 Nc6 3. Bb5 a6 4. Ba4 Bc5 5. c3 Nge7 6. d4 exd4 7. cxd4 Bb4+ 8. Nc3 d5 9. e5 Bg4 10. a3 Ba5 11. Be3 b5 12. Bc2 Bb6 13. Ne2 Qd7 14. Ng3 Nf5 15. Nxf5 Bxf5 16. Bxf5 Qxf5 17. O-O O-O 18. Rc1 Nd8 19. Qb3 c6 20. Qc2 Qh5 21. h3 Rc8 22. Kh2 Ne6 23. g4 Qg6 24. Qf5 c5 25. dxc5 Bxc5 26. Bxc5 Rxc5 27. Rxc5 Nxc5 28. Rd1 Na4 29. b3 Nc3 30. Rd3 Qc6 31. Nd4 Qc7 32. Qf4 a5 33. Nf5 b4 34. axb4 axb4 35. Re3 Ne4 36. Nd6 f6 37. Nxe4 fxe5 38. Qg3 dxe4 39. Rxe4 Qc2 40. Rc4 Qxf2+ 1/2-1/2

[Event "CCT Play-in Chessable Masters 2024"]
[Site "Online"]
[Date "2024.01.31"]
[Round "2"]
[White "shimastream"]
[Black "Nemegejas"]
[Result "1-0"]
[WhiteElo "2606"]
[BlackElo "2168"]
[Annotator "RC"]
[PlyCount "67"]
[EventDate "2024.01.26"]
[EventType "swiss"]
[EventCountry "NET"]
[SourceTitle "playchess.com"]
[Source "ChessBase"]
[SourceQuality "1"]

1. d4 Nf6 2. Bg5 d5 3. Nd2 Nbd7 4. Ngf3 h6 5. Bh4 e6 6. e3 c5 7. c3 Bd6 8. Bd3 O-O 9. Qe2 e5 10. dxe5 Nxe5 11. Nxe5 Bxe5 12. Nf3 Bd6 13. Rd1 Qe7 14. Bc2 g5 15. Bg3 Rd8 16. O-O b6 17. Rfe1 Bb7 18. Bxd6 Rxd6 19. h4 g4 20. Nh2 h5 21. Nf1 Rad8 22. Ng3 Re6 23. Qd2 Re5 24. e4 Bc8 25. Qf4 Re8 26. Re3 Bd7 27. Qh6 dxe4 28. Rde1 Qe6 29. Bb3 Nd5 30. Qxe6 R8xe6 31. Rxe4 Rxe4 32. Rxe4 Rxe4 33. Nxe4 Nc7 34. Nf6+ 1-0